MARC

LEADER 00000nam0a2200000 4500
001 273592
005 20231101234638.0
020 |a RU  |b 87-74817 
035 |a (RuTPU)RU\TPU\book\296801 
090 |a 273592 
100 |a 20141028d1987 k y0rusy5003 ca 
101 0 |a rus 
102 |a UA 
105 |a y z 001zy 
200 1 |a Нелинейная оценка параметров негауссовских радиофизических сигналов  |f Ю. П. Кунченко 
210 |a Киев  |c Вища школа  |d 1987 
215 |a 191 с. 
320 |a Библиогр.: с. 187-189 (59 назв.) 
606 1 |a Математическая статистика  |x Применение в радиотехнике  |2 stltpush  |3 (RuTPU)RU\TPU\subj\41214  |9 61021 
610 1 |a статистическая радиотехника 
610 1 |a случайные процессы 
610 1 |a параметры 
610 1 |a оценка 
610 1 |a степенные функциональные полиномы 
610 1 |a метод максимизации 
610 1 |a негауссовые шумы 
610 1 |a радиосигналы 
610 1 |a скалярные параметры 
610 1 |a монографии 
675 |a 621.396:519.2  |z rus  |v 3 
700 1 |a Кунченко  |b Ю. П.  |g Юрий Петрович  |4 070 
801 0 |a RU  |b RuMRKP  |c 19950417  |g psbo 
801 1 |a RU  |b 63413507  |c 20141028 
801 2 |a RU  |b 63413507  |c 20170113  |g RCR 
942 |c BK